| 000 | 00534nam a22001817a 4500 | ||
|---|---|---|---|
| 005 | 20150731121040.0 | ||
| 010 | _aENG-113254 | ||
| 020 |
_c395.00 _a9788189766436 |
||
| 035 | _aEN-96786 | ||
| 037 | _bDBAD/PUB | ||
| 082 | _aN | ||
| 100 | _aDhar, Maloy Krishna | ||
| 245 |
_aWe the people of India : _cby Maloy Krishna Dhar _ba story of gangland democracy / |
||
| 260 |
_aNew Delhi _bVitasta Publishing _c2008 |
||
| 270 |
_a2/15, Ansari Road, Daryaganj _bNew Delhi _e110002 |
||
| 300 |
_a443p. _c22cm(pbk) |
||
| 942 |
_2ddc _cEN _mDHA _hN |
||
| 999 |
_c93971 _d93971 |
||